Personal psychology for life & work
The fifth edition of this popular text-workbook prepares students to successfully meet many challenges in their personal lives and careers. The text equips students with a basic understanding of psychological principles and shows how to apply these principles in a variety of situations. Personal Psy...
Tallennettuna:
| Päätekijä: | |
|---|---|
| Aineistotyyppi: | Kirja |
| Kieli: | Undetermined |
| Julkaistu: |
New York
Glencoe/ McGraw Hill
2000
|
| Aiheet: | |
| Tagit: |
Lisää tagi
Ei tageja, Lisää ensimmäinen tagi!
|
| Thư viện lưu trữ: | Trung tâm Học liệu Trường Đại học Cần Thơ |
|---|
| LEADER | 01008nam a2200193Ia 4500 | ||
|---|---|---|---|
| 001 | CTU_179629 | ||
| 008 | 210402s9999 xx 000 0 und d | ||
| 020 | |c 1618000 | ||
| 082 | |a 158 | ||
| 082 | |b B197 | ||
| 100 | |a Baltus, Rita K. | ||
| 245 | 0 | |a Personal psychology for life & work | |
| 245 | 0 | |c Rita K. Baltus | |
| 260 | |a New York | ||
| 260 | |b Glencoe/ McGraw Hill | ||
| 260 | |c 2000 | ||
| 520 | |a The fifth edition of this popular text-workbook prepares students to successfully meet many challenges in their personal lives and careers. The text equips students with a basic understanding of psychological principles and shows how to apply these principles in a variety of situations. Personal Psychology for Life and Work emphasizes the need for developing problem-solving and communications skills and for learning to effectively manage stress and conflict. | ||
| 650 | |a Self-actualization (Psychology),Success,Tự hiện thực | ||
| 980 | |a Trung tâm Học liệu Trường Đại học Cần Thơ | ||